000 00691nam a2200253Ia 4500
003 OSt
005 20221007075003.0
006 a|||||r|||| 00| 0
007 ta
008 221006b |||||||| |||| 00| 0 eng d
024 _a40,061
037 _cTextual
040 _aFLL
_cFLL
_beng
041 _2eng
_aeng
082 _aX72:Z2, Q4.2
100 _aAhuja Girish
245 0 _aProfessional approach to direct taxes law and practice
260 _aNew Delhi
_bBharat Law House Pvt. Ltd. India
_c2014
300 _ad.p.
_ccm.
490 _vVol.-II
700 _a Gupta Ravi
942 _hX72:Z2, Q4.2
_cTEXL
_2CC
999 _c1154400
_d1154400